Corporate Chanakya on Management : (Record no. 79202)

MARC details
000 -LEADER
fixed length control field 00715nam a22001937a 4500
005 - DATE AND TIME OF LATEST TRANSACTION
control field 20140224103949.0
010 ## - LCCN (DPL NO)
LC control number B-514075
020 ## - INTERNATIONAL STANDARD BOOK NUMBER
International Standard Book Number 9788184953428
Terms of availability 250.00
035 ## - SYSTEM CONTROL NUMBER
System control number B-514075
037 ## - SOURCE OF ACQUISITION
Source of stock number/acquisition BSB/Ven
Stock number dpl
082 ## - DEWEY DECIMAL CLASSIFICATION NUMBER
Classification number 658.4092
100 ## - MAIN ENTRY--PERSONAL NAME
Personal name Pillai, Radhakrishnan
245 ## - TITLE STATEMENT
Title Corporate Chanakya on Management :
Statement of responsibility, etc by Brian Tracy
Remainder of title includes audiobook read by tom alter /
260 ## - PUBLICATION, DISTRIBUTION, ETC. (IMPRINT)
Name of publisher, distributor, etc Jaico Publishing House
Date of publication, distribution, etc 2012
Place of publication, distribution, etc Mumbai
270 ## - ADDRESS
Address A-2 Jash Chamber, 7-A Sir Phirozshah Mehta Road Fort
City Mumbai
Postal code 400001
300 ## - PHYSICAL DESCRIPTION
Extent xxvi,148p.
Dimensions 18cm(pbk)
Accompanying material 1-CD ROM
942 ## - ADDED ENTRY ELEMENTS (KOHA)
Source of classification or shelving scheme Dewey Decimal Classification
Item type English Books
Call number suffix PIL
Classification part 658.4092
Holdings
Withdrawn status Lost status Not for loan Collection code Home library Current library Date acquired Source of acquisition Cost, normal purchase price Full call number Barcode Copy number Cost, replacement price Koha item type
  Written-off vide DLB M. No. 383 dt 16.05.19   Non-fiction Shahdara Branch Shahdara Branch 24/02/2014 BSB/945/21.03.2013/169/08.03.2013/23.03.2013 658.41 658.4092 PIL B-514075 1 250.00 English Books

© Delhi Public Library
Hit Counter
free hit counter